तीन वर्षीय अन्तरिम योजना: २०६४/६५-२०६६/६७
Saved in:
| Corporate Author: | |
|---|---|
| Format: | Book |
| Language: | English |
| Published: |
काठमाडौँ ;
राष्ट्रिय योजना आयोग ,
२०६४.
|
| Subjects: | |
| Online Access: | Visit NHRC Library |
| Tags: |
Add Tag
No Tags, Be the first to tag this record!
|
| LEADER | 00989nam a22001937a 4500 | ||
|---|---|---|---|
| 003 | OSt | ||
| 008 | 151008b xxu||||| |||| 00| 0 eng d | ||
| 082 | |a 338.9 | ||
| 110 | |a राष्ट्रिय योजना आयोग |9 3426 | ||
| 245 | |a तीन वर्षीय अन्तरिम योजना: २०६४/६५-२०६६/६७ | ||
| 260 | |a काठमाडौँ ; |b राष्ट्रिय योजना आयोग , |c २०६४. | ||
| 300 | |a अ - २४५ | ||
| 650 | |a राष्ट्रिय योजना आयोग |9 3427 | ||
| 650 | |a काठमाडौँ |9 3428 | ||
| 856 | |u http://nhrc.org.np/contact |y Visit NHRC Library | ||
| 942 | |2 ddc |c REP | ||
| 952 | |0 0 |1 0 |2 NLM |4 0 |6 338_900000000000000 |7 0 |9 2327 |a NHRC |b NHRC |c CART |d 2015-10-08 |l 0 |o 338.9 |p 001944 |r 2015-10-08 |w 2015-10-08 |y REP | ||
| 952 | |0 0 |1 0 |2 NLM |4 0 |6 338_900000000000000 |7 0 |9 2328 |a NHRC |b NHRC |c CART |d 2015-10-08 |l 0 |o 338.9 |p 001945 |r 2015-10-08 |w 2015-10-08 |y REP | ||
| 999 | |c 2238 |d 2238 | ||